000 01440nam a2200361 i 4500
001 183581
003 ES-MaACL
005 20240201133422.0
008 140723s2009 sp a | |||||||| | spa d
020 _a978-84-96495-37-1
080 _a323.281(460)"1939/75"
080 _a323.281(460.354)"1939/75"
080 _a344.32(460.354)"1939/75"
245 0 3 _aLa gran represión :
_blos años de plomo de la posguerra (1939-1948) /
_cMirta Núñez Díaz-Balart (coordinadora) ; Manuel Álvaro Dueñas ... [et al.].
250 _a1ª ed.
260 _aBarcelona :
_bFlor del Viento,
_c2009.
300 _a504 p. :
_bil ;
_c21 cm.
490 1 _aCon Franco vivíamos peor ;
_v8
500 _aAnexo documental.
500 _aÍndices.
504 _aBibliografía: p. 459-469, p. 471-488.
650 4 _aRepresión política-
_zEspaña-
_y1939-1975.
_9145752
650 4 _aRepresión política-
_zHuelva (Provincia)-
_y1939-1975.
_9155065
650 _aConsejos de guerra-
_zEspaña-
_y1939-1975.
_9155066
700 0 _aNúñez Díaz-Balart, Mirta
_9234073
700 1 _aÁlvaro Dueñas, Manuel.
_9152685
740 4 2 _aLos años de plomo del franquismo.
830 1 _aCon Franco vivíamos peor ;
_v8
_9193564
852 4 _aES-MaACL
_jA-13188
_9190523
_bR.150071
_cDEPO1
_dOlim: N-6188
_hDonación: Carlos París
903 _aParís, Carlos,
_d1925-2014
_ednr
_q1
_989133
942 _2udc
_cMONOGRAFIA
999 _c183581
_d183581